000 00895nam a22003137a 4500
001 BR9903373
003 BR-BrBNA
005 20230928100446.0
007 ta
008 230509b bl.||||| |||| 00| 0 por d
040 _aBR-BrBNA
_bpor
_cBiblioteca Nacional de Agricultura
041 _a(Por)
072 _aF01
_b1122
090 _ 1122 BR9903373
100 1 _aCarvalho, R.I.N. de
100 1 _aZanette, F.
100 1 _aBiasi, L.A.
110 1 _aServico Nacional de Aprendizagem Rural, Curitiba, PR (Brasil). Administracao Regional do Estado do Parana
245 1 _aTrabalhador na fruticultura; cultivo do mamoeiro
260 3 _aCuritiba, PR (Brasil):
_c1998.
300 _a29 p.
500 _a22 illus.
650 _aMamao
650 _aPratica Cultural
650 _aPraga de Planta
650 _aDoenca de Planta
909 _a202309
_bLucia
_c55
_dLucia Elande
942 _cBK
999 _c61400
_d61400